|
|
|
|
| LEADER |
00000nam1a2200000 4500 |
| 001 |
261359 |
| 005 |
20231031221602.0 |
| 035 |
|
|
|a (RuTPU)RU\TPU\book\284335
|
| 090 |
|
|
|a 261359
|
| 100 |
|
|
|a 20140522d1976 k y0rusy50 ca
|
| 101 |
0 |
|
|a rus
|
| 102 |
|
|
|a RU
|
| 200 |
1 |
|
|a Рудные формации эндогенных месторождений
|e в 2 т.
|f Академия наук СССР (АН СССР), Институт геологии рудных месторождений, петрографии, минералогии и геохимии (ИГЕМ) ; под ред. Г. А. Соколова
|
| 210 |
|
|
|a Москва
|c Наука
|d 1976
|
| 702 |
|
1 |
|a Соколов
|b Г. А.
|4 340
|
| 712 |
0 |
2 |
|a Академия наук СССР (АН СССР)
|b Институт геологии рудных месторождений, петрографии, минералогии и геохимии (ИГЕМ)
|c (Москва)
|2 stltpush
|3 (RuTPU)RU\TPU\col\11398
|
| 801 |
|
1 |
|a RU
|b 63413507
|c 20140522
|
| 801 |
|
2 |
|a RU
|b 63413507
|c 20150320
|g RCR
|
| 942 |
|
|
|c BK
|